| 000 | 01028nam0a2200301 4500 | ||
|---|---|---|---|
| 001 | RU\NLR\bibl\1834858 | ||
| 005 | 20250616165941.0 | ||
| 010 |
_a978-5-699-43151-9 _93000 |
||
| 021 |
_aRU _b2011-76725 _9556д/11 |
||
| 035 | _a(NLR Aleph) 001825344 | ||
| 090 |
_a2063071 _c2063071 |
||
| 100 | _a20111116d2011 |||y0rusy50 ca | ||
| 101 | 1 |
_arus _cscr |
|
| 102 | _aRU | ||
| 105 | _ay ||||||||| | ||
| 200 | 1 |
_aСнесла Баба Яга яичко _e[роман] _fДубравка Угрешич _g[пер. с хорв. Ларисы Савельевой] |
|
| 210 |
_aМосква _cЭксмо _d2011 |
||
| 215 |
_a436, [3] с. _d17 |
||
| 225 | 1 |
_aИнтеллектуальный бестселлер _iМифы |
|
| 686 | _aШ6(4Ю)427-440.4{Лх1219-50} | ||
| 700 | 1 |
_aУгрешич _bД. _f1949- _gДубравка _4070 |
|
| 801 | 0 |
_aRU _bNLR _c20111116 _gRCR |
|
| 801 | 1 |
_aRU _bNLR _c20111116 |
|
| 942 | _cBOOK | ||
| 980 | _aNB | ||
| 980 | _aNBR | ||